[Event "MEX ol U12"]
[Site "Guanajuato"]
[Date "2002.07.14"]
[Round "1"]
[White "Ramos Muniz, Felipe"]
[Black "Peralta Chable, Oscar David"]
[Result "0-1"]
[WhiteElo "1354"]
[BlackElo "1546"]
[PlyCount "50"]
[EventDate "2002.07.13"]
[EventType "swiss"]
[EventRounds "6"]
[EventCountry "MEX"]
[SourceTitle "EXT 2003"]
[Source "ChessBase"]
[SourceDate "2002.11.25"]
[SourceVersion "1"]
[SourceVersionDate "2002.11.25"]
[SourceQuality "1"]

1. e4 Nc6 2. Nc3 e6 3. Bc4 Nf6 4. d3 Bc5 5. Nf3 d6 6. Bg5 h6 7. Bh4 Bb4 8. a3 Bxc3+ 9. bxc3 e5 10. Qc1 Bg4 11. h3 Bxf3 12. gxf3 g5 13. Bg3 Qd7 14. h4 Rh7 15. hxg5 hxg5 16. Qxg5 Rxh1+ 17. Ke2 Rxa1 18. Qh4 Ke7 19. Qh6 Rg8 20. Bh4 Rg6 21. Qh8 Qe8 22. Bxf6+ Rxf6 23. Qh4 Qg8 24. f4 Qg1 25. fxe5 Qe1# 0-1